Centenario de la batalla de maipo; discursos pronunciados en chile /

Guardado en:
Formato: Libro
Publicado: Buenos Aires : , 1918
Etiquetas: Agregar Etiqueta
Sin Etiquetas, Sea el primero en etiquetar este registro!
LEADER 00728nam a22001455a 4500
001 CEM.cems000678
005 20060210000000.0
008 130507s1918##################000#0#####d
003 CEMS
082 0 4 |a 040 
245 0 0 |a Centenario de la batalla de maipo; discursos pronunciados en chile / 
260 |a Buenos Aires :  |b ,  |c 1918 
300 |a 112 p. 
505 0 |a Sermones pronunciados en la Iglesia matriz de Catamarca el 9 de Julio de 1853, con motivo de la jura de la Constitución Nacional; el 28 de Marzo de 1854, con motivo de la instalacion de las autoridades federales de la Nacion Argentina; el 24 de Octubre de 1875, con motivo de la reforma de la Constitución provincial. 
859 |a CEMS  |b BIB. CEMS - 11 de abril  |h 040  |i Ar37  |p 9611.81  |t Ej.1